| 000 | 00857nam a2200229 i 4500 | ||
|---|---|---|---|
| 001 | 55591 | ||
| 003 | ES-MaACL | ||
| 005 | 20250716134338.0 | ||
| 007 | t| | ||
| 008 | 030923s1903 gw ab 00110 spa d | ||
| 080 | _a908(83) | ||
| 245 | 0 | 0 |
_aBreve descripción de la República de Chile : _bescrita según datos oficiales. |
| 260 |
_aLeipzig : _b[s.n.], _c1903 ( _fImp. de F.A. Brockhaus) |
||
| 300 |
_a118 p. : _bil., 2 mapas ; _c22 cm + _e[1] h. de mapa col. pleg. |
||
| 530 | _aDisponible en formato digital. | ||
| 599 | _aCon dos mapas y 44 grabados | ||
| 651 | 4 |
_aChile- _xDescripción. _9143280 |
|
| 852 | 4 |
_aES-MaACL _jF-9416 _z Encuadernación cartone _cSPP3 _xRevisado enlace: 16 de julio de 2025 |
|
| 856 | 4 |
_uhttp://bdh-rd.bne.es/viewer.vm?id=0000052189&page=1 _y(Biblioteca Digital Hispánica) |
|
| 942 | _2udc | ||
| 999 |
_c55591 _d55591 |
||